Destinos del Aeropuerto Int. de Santiago (CL) - Estadísticas

Estadísticas generales
  • Esta prueba ha sido intentada 92 veces
    13 desde el último reinicio
  • La puntuación promedio es 36 de 70
Estadísticas de respuestas
Aerolíneas Destino % Correcto
JetSMART
LATAM Airlines
Sky Airline
Lima
91%
British Airways Londres
91%
IberiaLATAM Airlines Madrid
91%
Air France París
91%
Aerolíneas Argentinas
JetSMART
LATAM Airlines
Sky Airline
Buenos Aires (AEP)
82%
Aerolíneas Argentinas
JetSMART
KLM
LATAM Airlines
Sky Airline
Buenos Aires (EZE)
82%
AeroméxicoLATAM Airlines Ciudad de México
82%
Aerolíneas ArgentinasJetSMART
LATAM Airlines
Sky Airline
Mendoza
82%
LATAM Airlines Nueva York
82%
JetSMART
LATAM Airlines
Sky Airline
Turkish Airlines
São Paulo
82%
Air Canada Toronto
82%
Level Barcelona
73%
AviancaJetSMART
LATAM Airlines
Bogotá
73%
Boliviana de AviaciónLATAM Airlines La Paz
73%
LATAM Airlines Los Ángeles
73%
American AirlinesLATAM Airlines Miami
73%
JetSMARTLATAM Airlines
Sky Airline
Río de Janeiro
73%
JetSMARTLATAM Airlines
Sky Airline
Antofagasta
64%
LATAM Airlines
Sky Airline
Arica
64%
JetSMARTLATAM Airlines
Sky Airline
Concepción
64%
Turkish Airlines Estambul
64%
United Airlines Houston
64%
JetSMARTLATAM Airlines Sky Airline Montevideo
64%
Air Canada Montreal
64%
JetSMARTLATAM Airlines
Sky Airline
Puerto Montt
64%
LATAM Airlines
Sky Airline
Punta Arenas
64%
LATAM AirlinesSky Airline San Carlos de Bariloche
64%
LATAM AirlinesQantas Sídney
64%
LATAM Airlines Auckland
55%
LATAM Airlines Brasilia
55%
JetSMART Cali
55%
Avianca Cartagena de Indias
55%
Copa Airlines Ciudad de Panamá
55%
LATAM Airlines Córdoba
55%
LATAM Airlines Cusco
55%
JetSMARTLATAM Airlines
Sky Airline
La Serena
55%
JetSMART Medellín
55%
LATAM Airlines Orlando
55%
AraJetLATAM Airlines Punta Cana
55%
KLM Ámsterdam
45%
LATAM Airlines Asunción
45%
Delta Airlines Atlanta
45%
JetSMARTLATAM Airlines
Sky Airline
Calama
45%
LATAM Airlines Cancún
45%
JetSMARTLATAM Airlines
Sky Airline
Florianópolis
45%
LATAM Airlines Fortaleza
45%
JetSMARTLATAM Airlines
Sky Airline
Iquique
45%
LATAM AirlinesSky Airline Porto Alegre
45%
JetSMART LATAM Airlines
Sky Airline
Balmaceda Coyhaique
36%
American Airlines Dallas-Fort Worth
36%
LATAM Airlines Hanga Roa
36%
LATAM Airlines Recife
36%
Sky Airline Salvador de Bahia
36%
JetSMART Trujillo
36%
LATAM Airlines Sky Airline Belo Horizonte
27%
LATAM AirlinesSky Airline Copiapó
27%
LATAM Airlines Curitiba
27%
JetSMART Foz do Iguaçu
27%
LATAM Airlines Guayaquil
27%
LATAM Airlines Monte Agradable
27%
LATAM AirlinesSky Airline Osorno
27%
LATAM Airlines Rio Gallegos
27%
Boliviana de AviaciónLATAM Airlines Santa Cruz de la Sierra
27%
LATAM Airlines
Sky Airline
Valdivia
27%
LATAM Airlines
Sky Airline
Castro
18%
Sky Airline El Calafate
18%
Aerovías DAP El Salvador
9%
LATAM Airlines Melbourne
9%
LATAM Airlines
Sky Airline
Puerto Natales
9%
JetSMARTLATAM Airlines
Sky Airline
Temuco
9%
No se encontraron pruebas coincidentes
Distribución de puntuación
Porcentaje de gente con cada puntuación
Porcentaje por número respondido
Historial de tus puntuaciones
No has intentado esta prueba desde el último reinicio